| 000 | 00601nam a2200193 4500 | ||
|---|---|---|---|
| 005 | 20241023125804.0 | ||
| 010 | _aENG-142329 | ||
| 020 |
_c1650.00 _a9788171773596 |
||
| 035 | _aEN-125861 | ||
| 037 | _bDBAD | ||
| 082 | _a346.5402 | ||
| 100 |
_aPathak, S. K. _973240 |
||
| 245 |
_aGOYLE'S, Law of Specific Performance/ _cS.K. Pathak |
||
| 250 | _aFifth | ||
| 260 |
_akolkata _bEastern Law House Private Limited _c2020 |
||
| 270 |
_a54 Ganesh Chunder Avenue _bkolkata _e700013 _k(033)2215-1989 _mmail@elh.co.in |
||
| 300 |
_a656p. _c25cm(hb) |
||
| 942 |
_2ddc _cEN _h346.5402 _mPAT |
||
| 999 |
_c206621 _d206621 |
||